[Event "French Top 12 2013"]
[Site "Haguenau FRA"]
[Date "2013.05.31"]
[Round "2.2"]
[White "Nyzhnyk,I"]
[Black "Edouard,R"]
[Result "1/2-1/2"]
[WhiteElo "2635"]
[BlackElo "2659"]

1.d4 d5 2.c4 dxc4 3.e4 e5 4.Nf3 exd4 5.Bxc4 Bb4+ 6.Bd2 Bxd2+ 7.Nbxd2 Nc6
8.O-O Qf6 9.Re1 Nge7 10.b4 a6 11.e5 Qg6 12.Qb3 O-O 13.Ne4 Be6 14.Nc5 Bxc4
15.Qxc4 b5 16.Qb3 Qf5 17.Rad1 Ng6 18.e6 Kh8 19.a3 h6 20.h3 a5 21.g4 Qf4 22.Re4 a4
23.Qd3 Qd6 24.Nxd4 Nxd4 25.Rxd4 Qe7 26.Re1 Nh4 27.f4 Rad8 28.Nd7 Rfe8 29.f5 fxe6
30.Rxe6 Qg5 31.Ne5 Qc1+ 32.Qf1 Qe3+ 33.Qf2 Qxd4 34.Rxe8+ Kh7 35.Qxd4 Rxd4
36.Kf2 Rd2+ 37.Kg3 g5 38.fxg6+ Nxg6 39.Nxg6 Kxg6 40.Re6+ Kf7 41.Rxh6 Rd3+
42.Kh4 Rxa3 43.Rh7+ Ke6 44.Rxc7 Rb3 45.Ra7 Kd5 46.g5 Kc4 47.g6 Rb1 48.g7 Rg1
49.Kh5 Kxb4 50.h4 Ka3 51.Kh6 b4 52.Kh7 b3 53.Rb7 Rh1 54.Kg6 b2 55.h5 Rg1+
56.Kf7 Ka2 57.h6 b1=Q 58.Rxb1 Kxb1 59.h7 Rxg7+ 60.Kxg7 a3 61.h8=Q  1/2-1/2

[Event "35th Nezhmetdinov Cup"]
[Site "Kazan RUS"]
[Date "2013.05.31"]
[Round "1.5"]
[White "Atalik,S"]
[Black "Bulatov,R"]
[Result "1/2-1/2"]
[WhiteElo "2597"]
[BlackElo "2221"]

1.d4 d5 2.c4 dxc4 3.e4 e5 4.Nf3 exd4 5.Bxc4 Nc6 6.O-O Be6 7.Nbd2 Bd6 8.e5 Be7
9.Qb3 Qd7 10.Qxb7 Rb8 11.Qa6 Rb6 12.Qa4 Rb4 13.Bxe6 fxe6 14.Qd1 Nh6 15.b3 O-O
16.Bb2 Nf7 17.Qe2 Qd5 18.Nc4 Rbb8 19.Rfd1 Bc5 20.Rac1 Rbd8 21.Ne3 Qe4 22.Rxc5 dxe3
23.Rxd8 Rxd8 24.fxe3 h6 25.Qe1 Rd3 26.Rc4 Qd5 27.e4 Qd7 28.Rc1 Ng5 29.Nxg5 hxg5
30.Bc3 Ne7 31.Qe2 Ng6 32.g3 Qb5 33.Kh1 a6 34.a4 Qd7 35.b4 Nf8 36.Kg2 Ng6
37.Rc2 g4 38.Qxg4 Rxc3 39.Rxc3 Qd2+ 40.Kh3 Qxc3 41.Qxg6 Qxe5 42.Kh4 Qd6 43.Qe8+ Kh7
44.b5 a5 45.Qh5+ Kg8 46.Qg4 Qe5 47.Qf4 Qc5 48.e5 Qc2 49.g4 Qh7+ 50.Kg3 Qd3+
51.Qf3 Qd4 52.h4 Qxe5+ 53.Kh3 Qd4 54.g5 g6 55.h5 gxh5 56.g6 Kg7 57.Qf7+ Kh6
58.Qh7+ Kg5 59.g7 Qg4+  1/2-1/2

[Event "French Top 12 2013"]
[Site "Haguenau FRA"]
[Date "2013.06.02"]
[Round "4.6"]
[White "Miton,K"]
[Black "Genzling,A"]
[Result "1-0"]
[WhiteElo "2624"]
[BlackElo "2401"]

1.d4 d5 2.c4 dxc4 3.e4 e5 4.Nf3 Bb4+ 5.Bd2 Bxd2+ 6.Qxd2 exd4 7.Nxd4 Ne7 8.Nc3 a6
9.Bxc4 b5 10.Be2 c5 11.Nb3 Qxd2+ 12.Kxd2 c4 13.Nd4 Bb7 14.Ke3 Nbc6 15.Nxc6 Bxc6
16.Rhd1 O-O 17.g4 Rae8 18.f3 b4 19.Nb1 Nd5+ 20.Kf2 Nb6 21.a3 bxa3 22.Nxa3 Bb5
23.Nxb5 axb5 24.Ra5 Re5 25.Rd6 Nc8 26.Rc6 Re7 27.Ke3 Rb7 28.e5 Ne7 29.Rc5 Rfb8
30.f4 Rb6 31.Bf3 f6 32.Ra7 Kf8 33.Be4 g6 34.Rcc7 Re8 35.Kd4 fxe5+ 36.fxe5 Re6
37.Rd7 b4 38.Rac7 c3 39.bxc3 bxc3 40.Rxc3 Rb8 41.Rd6 Rb6 42.Rf3+ Kg7 43.Bd5 Rb4+
44.Kc5 Rxe5 45.Kxb4 Nxd5+ 46.Kc4 Ne7 47.Kd4 Re1 48.Re3 Rxe3 49.Kxe3 h5 50.Rd7 Kf6
51.g5+ Ke6 52.Ra7 Nd5+ 53.Kd4 Nf4 54.Ke4 Nh3 55.Ra6+ Kf7 56.Ra5 Ke6 57.Kf3 Ng1+
58.Ke4  1-0

[Event "FSFMB June 2013"]
[Site "Budapest HUN"]
[Date "2013.06.04"]
[Round "4.4"]
[White "Schmidt,Wolfgang"]
[Black "Mayer,I"]
[Result "0-1"]
[WhiteElo "1450"]
[BlackElo "2060"]

1.d4 d5 2.c4 dxc4 3.e4 Nf6 4.Nc3 e5 5.Bxc4 exd4 6.e5 Qe7 7.Nge2 dxc3 8.exf6 Qxf6
9.Nxc3 Be6 10.Qe2 Bb4 11.Bd2 O-O 12.O-O Nc6 13.Bxe6 Qxe6 14.Qxe6 fxe6 15.a3 Bc5
16.Rac1 Ne5 17.Ne4 Bd4 18.Bc3 Bxc3 19.Rxc3 Rf7 20.Nc5 b6 21.Nxe6 c5 22.Ng5 Rd7
23.f4 Nd3 24.b3 Re8 25.f5 h6 26.Nf3 Nf4 27.Rc2 Rd5 28.g4 Rd3 29.Ne1 Rd4 30.Nf3 Rde4
31.Rd2 Ne2+ 32.Kf2 Nd4 33.Nxd4 cxd4 34.Rfd1 Rxg4 35.Rxd4 Rxd4 36.Rxd4 Rf8
37.Rf4 g6 38.f6 g5 39.Rf3 Kf7 40.Kg3 Ke6 41.h4 gxh4+ 42.Kxh4 Rxf6 43.Rg3 Kf5
44.Rg7 a5 45.a4 Ke5 46.Rb7 Rf4+ 47.Kh5 Rb4  0-1

[Event "35th Nezhmetdinov Cup"]
[Site "Kazan RUS"]
[Date "2013.06.05"]
[Round "6.6"]
[White "Shariyazdanov,A"]
[Black "Lintchevski,D"]
[Result "1/2-1/2"]
[WhiteElo "2579"]
[BlackElo "2526"]

1.d4 d5 2.c4 dxc4 3.e4 Nf6 4.e5 Nd5 5.Bxc4 Nb6 6.Bd3 Nc6 7.Ne2 Bg4 8.Be3 e6
9.Nbc3 Nb4 10.Be4 c6 11.O-O Bh5 12.a3 N4d5 13.Qd3 Bg6 14.Bxg6 hxg6 15.Ne4 Be7
16.Bd2 a5 17.b3 a4 18.Rfb1 Qc7 19.b4 f5 20.Ng5 Bxg5 21.Bxg5 O-O 22.g3 Qd7
23.h4 Nc7 24.Nf4 Kf7 25.Rd1 Nbd5 26.Ne2 Rh8 27.Rac1 Nb6 28.Rc5 Na6 29.Rc2 Nc7
30.Rc5 Na6 31.Rc2 Nc7 32.Rc5  1/2-1/2

[Event "Mitropa Cup 2013"]
[Site "Meissen GER"]
[Date "2013.06.08"]
[Round "8.1"]
[White "Martinovic,Sa"]
[Black "Varga,Zo"]
[Result "0-1"]
[WhiteElo "2527"]
[BlackElo "2447"]

1.d4 d5 2.c4 dxc4 3.e4 Nf6 4.e5 Nd5 5.Bxc4 Nb6 6.Bd3 Nc6 7.Ne2 Bg4 8.Be3 e6
9.Nbc3 Nb4 10.Be4 c6 11.O-O Bh5 12.Qb3 Bg6 13.a3 Bxe4 14.Nxe4 Qd5 15.Nd2 Qxb3
16.Nxb3 N4d5 17.Na5 Rb8 18.Rac1 Be7 19.Bd2 Kd7 20.b4 Rhd8 21.f4 f5 22.exf6 Bxf6
23.g4 g6 24.Nb3 Na4 25.Ng3 b6 26.Ne4 Be7 27.Nf2 Bd6 28.Nd3 Rf8 29.Ne5+ Bxe5
30.fxe5 g5 31.Bxg5 Rxf1+ 32.Rxf1 Rg8 33.h4 h6 34.Rf7+ Kc8 35.Bf6 Rxg4+ 36.Kf2 Nac3
37.Rxa7 Rf4+ 38.Ke1 Nc7 39.Kd2 Rf3 40.d5 N3b5 41.Rxc7+ Kxc7 42.d6+ Kd7 43.Nc1 Nxa3
44.Ke2 Rf5 45.Nd3 Nb5 46.Bg7 h5 47.Ke3 Nc3 48.Bh6 Nd5+ 49.Ke4 Rf1 50.Bd2 Rh1
51.Be1 Rg1 52.Bf2 Rg4+ 53.Kf3 Kc8 54.Be1 Kd8 55.Bf2 Kd7 56.Be1 Rd4 57.Nf2 Rxh4
58.Nd3 Rd4  0-1

[Event "27th Pula Open 2013"]
[Site "Pula CRO"]
[Date "2013.06.13"]
[Round "7.13"]
[White "Karner,C"]
[Black "Vedder,R"]
[Result "1-0"]
[WhiteElo "2321"]
[BlackElo "2242"]

1.d4 d5 2.c4 dxc4 3.e4 Nc6 4.Nf3 Bg4 5.d5 Ne5 6.Bf4 Ng6 7.Be3 e5 8.Bxc4 Nf6
9.Nc3 Bd6 10.Be2 O-O 11.Nd2 Bd7 12.g3 Bh3 13.f3 Qe7 14.Nc4 Bc5 15.Qd2 c6
16.d6 Bxe3 17.Nxe3 Qd7 18.O-O-O Rfd8 19.g4 h5 20.Rhg1 hxg4 21.fxg4 Nf4 22.Bc4 b5
23.Bb3 Nxg4 24.Nf5 g6 25.Ne2 Nxe2+ 26.Qxe2 gxf5 27.Qf3 Kh7 28.Qxh3+ Nh6 29.exf5 e4
30.Bc2 Rg8 31.Rg6  1-0

[Event "27th Pula Open 2013"]
[Site "Pula CRO"]
[Date "2013.06.15"]
[Round "9.8"]
[White "Karner,C"]
[Black "Lizak,P"]
[Result "0-1"]
[WhiteElo "2321"]
[BlackElo "2420"]

1.d4 d5 2.c4 dxc4 3.e4 Nf6 4.e5 Nd5 5.Bxc4 Nb6 6.Bd3 Nc6 7.Ne2 Bg4 8.f3 Be6
9.Nbc3 Qd7 10.Be3 Nc4 11.Bxc4 Bxc4 12.f4 e6 13.O-O Nb4 14.a3 Nd5 15.Nxd5 Bxd5
16.Nc3 Be7 17.Qc2 c6 18.f5 exf5 19.Nxd5 Qxd5 20.Rxf5 O-O 21.Raf1 Rac8 22.Qf2 Qe6
23.Qg3 Kh8 24.Bg5 Bxg5 25.Rxg5 g6 26.Rf6 Qc4 27.Rg4 c5 28.Rgf4 cxd4 29.e6 Qc5
30.b4 Qe5 31.Rf1 Qxg3 32.hxg3 Rc7 33.Rxf7 Rcxf7 34.exf7 Kg7 35.Rf4 Rxf7 36.Rxd4 Kf6
37.Kf2 Rc7 38.a4 Ke5 39.Rf4 g5 40.Rg4 h6 41.b5 Kd5 42.Rb4 Rc4 43.Rb1 Rxa4
44.b6 a5 45.Rh1 Rb4 46.Rxh6 Kc5 47.Rg6 Rxb6 48.Rxg5+ Kb4 49.Ke3 Rd6 50.Rg7 b5
51.g4 a4 52.g5 a3 53.Ra7 Kb3 54.Ke4 a2 55.Ke5 Rd1 56.g6 a1=Q+ 57.Rxa1 Rxa1  0-1

[Event "5th Lublin Union Mem GM"]
[Site "Lublin POL"]
[Date "2013.06.19"]
[Round "5.5"]
[White "Sadzikowski,D"]
[Black "Semcesen,D"]
[Result "1/2-1/2"]
[WhiteElo "2448"]
[BlackElo "2431"]

1.d4 d5 2.c4 dxc4 3.e4 Nf6 4.e5 Nd5 5.Bxc4 Nb6 6.Bd3 Nc6 7.Ne2 Bg4 8.f3 Be6
9.Nbc3 Qd7 10.Ne4 Bd5 11.Nc5 Qc8 12.Bd2 e6 13.Rc1 Bxc5 14.Rxc5 Qd7 15.a4 Qe7
16.Bb5 O-O 17.Bxc6 Bxc6 18.a5 Nd5 19.O-O a6 20.Nf4 Nxf4 21.Bxf4 Rfd8 22.Re1 h6
23.Be3 Rd5 24.b4 Rad8 25.Qa1 Rxc5 26.bxc5 Kf8 27.Qb1 Ke8 28.Qh7 Qf8 29.Bf2 Kd7
30.Qc2 Kc8 31.Qb3 Qe7 32.Qe3 g5 33.h3 Qd7 34.Qb3 Rg8 35.Be3 h5 36.Qa2 Qd8
37.Qf2 Qd5 38.Qg3 Rg6 39.Kh1 Qd8 40.Rc1 Kb8 41.Kh2 Rg8 42.Kh1 Ka7 43.Kh2 Qd5
44.h4 g4 45.Bg5 gxf3 46.Qxf3 Qxd4 47.Qc3 Qe4 48.Rc2 Qf5 49.Re2 Qf1 50.Qd2 Qf5
51.Qe3 Qg4 52.Qd2 Qf5 53.Re1 Rf8 54.Qe2 Qg6 55.Qb2 Qf5 56.Re2 Qf1 57.Rf2 Qe1
58.Rd2 Rg8 59.Qd4 Rf8 60.Ra2 Qe4 61.Qxe4 Bxe4 62.g4 hxg4 63.Rb2 Bg6 64.Kg3 Bh5
65.Rd2 Kb8 66.Rf2 Kc8 67.Rd2 Rg8 68.Rd4 Rh8 69.Bf6 Rg8 70.Rd3 Kb8 71.Rd4 Kc8
72.Bg5 Rh8 73.Kf4 Rg8 74.Rd3 Rh8 75.Ke3 Rg8 76.Kd2 Bg6 77.Rd4 Bh5 78.Ke3 Rh8
79.Kf2 Rg8 80.Rd3 Rh8 81.Ke1 Rg8 82.Kd1 Rh8 83.Kc1 Rg8 84.Kb2 g3 85.Rxg3 Kd7
86.Kc3 Kc6 87.Kc4 Be2+ 88.Kd4 b6 89.cxb6 cxb6 90.Rc3+ Kb7 91.axb6 Kxb6 92.Re3 Bh5
93.Rb3+ Kc6 94.Rc3+ Kb5 95.Rb3+ Ka4 96.Rb6 a5 97.Kc5 Rc8+ 98.Kd6 Rc4 99.Bd8 Rd4+
100.Ke7 Ka3 101.Rd6 Re4 102.Bxa5 Rxe5 103.Bc3 Re4 104.Bf6 Kb3 105.Rc6 Re3
106.Rc5 Bg6 107.h5 Bf5 108.h6 Rh3 109.Bg7 Bg6  1/2-1/2

[Event "FIDE WGP Dilijan 2013"]
[Site "Dilijan ARM"]
[Date "2013.06.21"]
[Round "5.5"]
[White "Danielian,E"]
[Black "Batchimeg,Tuvshintugs"]
[Result "1/2-1/2"]
[WhiteElo "2475"]
[BlackElo "2316"]

1.d4 d5 2.c4 dxc4 3.e4 Nc6 4.Nf3 Bg4 5.d5 Ne5 6.Bf4 Ng6 7.Be3 e5 8.Bxc4 a6
9.Qb3 b5 10.Be2 Nf6 11.Nbd2 Bd6 12.O-O O-O 13.a4 Bd7 14.axb5 axb5 15.h3 c6
16.dxc6 Bxc6 17.Rac1 Qd7 18.Rfd1 Qb7 19.Ng5 Rad8 20.Nf1 Nxe4 21.Bf3 Nh4 22.Bxe4 Bxe4
23.Nxe4 Qxe4 24.Qd5 Qb4 25.Bg5 Be7 26.Qxe5 Bxg5 27.Qxg5 Rxd1 28.Rxd1 h6 29.Qe5 Ng6
30.Qd4 Qxd4 31.Rxd4 Rc8 32.Ne3 Ne7 33.Rd7 Nc6 34.Nf5 Ne5 35.Rd5 Rc1+ 36.Kh2 Re1
37.Rxb5 Nd3 38.Rb8+ Kh7 39.b4 Nxf2 40.b5 Rb1 41.Nd6 Kg6 42.Rb7 h5 43.Kg3 Nd3
44.Re7 Nc5 45.h4 Rb3+ 46.Kh2 Rb4 47.g3 Rb2+ 48.Kg1 Ne6 49.Rxf7 Rxb5 50.Rxg7+ Kxg7
51.Nxb5 Kf6 52.Kf2 Ke5 53.Kf3 Kf5 54.Nc3 Nd4+ 55.Ke3 Kg4 56.Ne4 Nf5+ 57.Kf2 Nxg3
58.Nxg3 Kxh4  1/2-1/2

[Event "5th Lublin Union Mem GM"]
[Site "Lublin POL"]
[Date "2013.06.22"]
[Round "8.2"]
[White "Dragun,K"]
[Black "Semcesen,D"]
[Result "0-1"]
[WhiteElo "2523"]
[BlackElo "2431"]

1.d4 d5 2.c4 dxc4 3.e4 Nf6 4.e5 Nd5 5.Bxc4 Nb6 6.Bd3 Nc6 7.Be3 Nb4 8.Be4 f5
9.exf6 exf6 10.Nc3 f5 11.Bb1 Bd6 12.Nf3 Be6 13.Ng5 Qd7 14.Nxe6 Qxe6 15.O-O O-O
16.a3 N4d5 17.Ba2 c6 18.Qf3 Kh8 19.Rfe1 Rae8 20.Rac1 Qd7 21.Bd2 Nxc3 22.Bxc3 Nd5
23.Bd2 Nf6 24.Rcd1 Ne4 25.Bf4 Bxf4 26.Qxf4 Nf6 27.h3 g6 28.Re5 Rxe5 29.Qxe5 Qg7
30.Re1 a6 31.f3 Rd8 32.Qc5 Ng8 33.Re5 Qd7 34.Re6 Kg7 35.Qe5+ Kh6 36.Qf4+ Kg7
37.Qe5+ Kh6 38.d5 cxd5 39.Qxf5 Qc7 40.h4 Qg3 41.Bxd5 Qxh4 42.Qe4 Qg5 43.Re5 Nf6
44.Rxg5 Nxe4 45.Re5 Nc5 46.Bf7 Nd3 47.Re7 b5 48.b3 Kg5 49.b4 Rc8 50.Re6 Rc1+
51.Kh2 Rc2 52.Rxa6 Nf4 53.Kg1 Kh4 54.Kf1 Kg3 55.Ke1 Nxg2+ 56.Kd1 Ne3+ 57.Ke1 Kxf3
58.Rf6+ Kg3 59.Be8 Ra2 60.Bxb5 Rxa3 61.Kd2 Nd5 62.Rf7 h5 63.Rg7 Nf4 64.Bc6 Rd3+
65.Kc2 Rd6 66.b5 h4 67.Rc7 Ne6 68.Rc8 h3 69.Kb2 Nd4 70.Ba8 Nxb5 71.Rc5 Nd4
72.Rc3+ Kh4 73.Rc4 g5 74.Kc3 Kg3 75.Rxd4 Rxd4 76.Kxd4 Kf2 77.Ke4 g4 78.Kf4 g3
79.Kg4 g2  0-1

[Event "22nd Anderssen Mem Eliminacje"]
[Site "Wroclaw POL"]
[Date "2013.06.29"]
[Round "5"]
[White "Stoop,J"]
[Black "Piotrowski,P"]
[Result "0-1"]
[WhiteElo "1782"]
[BlackElo "2030"]

1.d4 d5 2.c4 dxc4 3.e4 Nf6 4.e5 Nd5 5.Bxc4 Nb6 6.Bb3 Bf5 7.Nf3 e6 8.Nc3 Bb4
9.Bg5 Qd7 10.O-O Nc6 11.Rc1 Bg4 12.Be3 O-O 13.Ne4 Bxf3 14.Qxf3 Nxd4 15.Bxd4 Qxd4
16.Rxc7 Qxe5 17.Rxb7 Qxb2 18.Qg4 Qe5 19.Ng5 Bd6 20.f4 Qf6 21.f5 Nd5 22.Bxd5 exd5
23.Rd1 Rab8 24.Rxb8 Rxb8 25.Nf3 Bc5+ 26.Kh1 Rd8 27.Rc1 Bb6 28.Qf4 d4 29.g4 h6
30.Rd1 Qc6 31.Kg2 d3 32.Rc1 Qd5 33.Qe5 Qxa2+ 34.Kh3 Qf2 35.Qg3 d2 36.Rd1 Qe2  0-1

[Event "20th Abu Dhabi Masters 2013"]
[Site "Abu Dhabi UAE"]
[Date "2013.06.30"]
[Round "1.5"]
[White "Volkov,Sergey1"]
[Black "Asgarizadeh,A"]
[Result "1-0"]
[WhiteElo "2613"]
[BlackElo "2347"]

1.d4 d5 2.c4 dxc4 3.e4 Nf6 4.e5 Nd5 5.Bxc4 Nb6 6.Bd3 Nc6 7.Be3 Nb4 8.Be4 f5
9.exf6 exf6 10.Nc3 f5 11.Bb1 N4d5 12.Nf3 Nxe3 13.Qe2 Bd6 14.Qxe3+ Qe7 15.O-O Qxe3
16.fxe3 O-O 17.a4 Kh8 18.a5 Nc4 19.Nd1 Be7 20.Bd3 Nd6 21.Rc1 Bd8 22.b4 a6
23.Nc3 Be6 24.g3 c6 25.Na4 Bf6 26.Nc5 Rae8 27.Ne5 Bc8 28.Rcd1 g6 29.Ncd7 Bxd7
30.Nxd7 Rf7 31.Nxf6 Rxf6 32.Kf2 Rfe6 33.Rfe1 Kg7 34.Kf3 Kf6 35.Re2 g5 36.g4 fxg4+
37.Kxg4 Rxe3 38.Rxe3 Rxe3 39.Bxh7 Rb3 40.Rf1+ Kg7 41.Rb1 Rc3 42.Bf5 Rc4 43.Be6 Rxd4+
44.Kxg5 Re4 45.Bg4 Nf7+ 46.Kh5 Rd4 47.h3 Nd6 48.Kg5 Ne4+ 49.Kf5 Nc3 50.Rb3 Nd5
51.Ke5 Rxb4 52.Rxb4 Nxb4 53.Bc8 Kf7 54.Bxb7 c5 55.Be4 Ke7 56.h4 Na2 57.h5 Nc3
58.Bd3 Nd1 59.Bxa6 Ne3 60.Be2 Nc2 61.Kd5 Nd4 62.Bc4 Ne6 63.h6  1-0

[Event "11th Niki Open 2013"]
[Site "Nachod CZE"]
[Date "2013.07.02"]
[Round "4.1"]
[White "Krejci,Jan2"]
[Black "Voloshin,L"]
[Result "1-0"]
[WhiteElo "2503"]
[BlackElo "2427"]

1.d4 d5 2.c4 dxc4 3.e4 c5 4.d5 Nf6 5.Nc3 e6 6.Bxc4 exd5 7.exd5 Bd6 8.Qe2+ Kf8
9.h3 a6 10.a4 h6 11.Nf3 Qe7 12.Be3 g5 13.Qc2 Nbd7 14.O-O-O Kg7 15.Rhe1 Qd8
16.g4 Nf8 17.h4 Bxg4 18.Be2 Bxf3 19.Bxf3 gxh4 20.Rh1 Ng6 21.Rdg1 Be5 22.Rxh4 Bd4
23.Rxd4 cxd4 24.Bxd4 Kh7 25.Qf5 Rg8 26.Qxf6 Qxf6 27.Bxf6 Rae8 28.Rh1 Nf4
29.Be4+ Rxe4 30.Nxe4 Nxd5 31.Rd1 Rc8+ 32.Bc3 Nxc3 33.Nxc3 h5 34.Rd6 Rc4 35.Kd1 Rb4
36.Rd2 Kg6 37.Ke2 a5 38.Kf3 Kg7 39.Kg3 Rg4+ 40.Kh3 Rb4 41.f3 Kg6 42.Rd6+ Kg5
43.Rd5+ Kf4 44.Rd7 Rxb2 45.Rxf7+ Ke5 46.Kg3 Rb4 47.Rh7 h4+ 48.Kg2 Rc4 49.Ne2 Rxa4
50.Rxb7 Rb4 51.Rh7 Ra4 52.f4+ Kf5 53.Rxh4 Ra1 54.Rh5+ Kg6 55.Rg5+ Kf6 56.Nc3 a4
57.Ra5 a3 58.Ne4+ Kg7 59.Ra6 Kf7 60.Nc3 Ke7 61.Nb5 a2 62.Nc3 Rc1 63.Nxa2 Rc4
64.Kg3 Kf7 65.Ra3 Kf6 66.Nc3 Rc8 67.Ne4+ Kg6 68.Ra6+ Kg7 69.Kg4 Re8 70.Ra7+ Kf8
71.Kf5 Rb8 72.Kg6 Rb1 73.f5 Rg1+ 74.Ng5 Ke8 75.f6  1-0

[Event "11th Niki Open 2013"]
[Site "Nachod CZE"]
[Date "2013.07.02"]
[Round "4.11"]
[White "Machan,J"]
[Black "Nyvlt,O"]
[Result "1-0"]
[WhiteElo "2169"]
[BlackElo "1995"]

1.d4 d5 2.c4 dxc4 3.e4 b5 4.a4 c6 5.axb5 cxb5 6.Nc3 Bd7 7.d5 Qc7 8.Qd4 b4
9.Nb1 e5 10.Qxc4 Qxc4 11.Bxc4 Bd6 12.Nd2 Ne7 13.Bd3 Ng6 14.Nc4 Bc5 15.Nf3 f6
16.Ra5 Be7 17.Be3 a6 18.Nb6 Bd8 19.Ra1 Bxb6 20.Bxb6 Nf4 21.Bf1 O-O 22.Bc5 Rc8
23.Bxb4 Bg4 24.Nd2 a5 25.f3 Na6 26.Bc3 Bd7 27.g3 Nh3 28.Bxh3 Bxh3 29.g4 h5
30.Rg1 Nc5 31.Ke2 h4 32.Bxa5 Ra6 33.Bb4 Rb6 34.Bxc5 Rxc5 35.b3 Rc2 36.Kd3 Rc7
37.Rgc1 Rd7 38.Rc8+ Kf7 39.Rac1 g6 40.Rh8 Kg7 41.Rxh4 Bg2 42.Rg1 g5 43.Rh5 Bxf3
44.Nxf3 Rxb3+ 45.Ke2 Ra7 46.Nd2 Rb2 47.Rb1 Rc2 48.h4 gxh4 49.Rxh4 Ra4 50.Rh3 Rd4
51.Rd1 Kg6 52.Ke1 Rc8 53.Re3 Rh8 54.Nf1 Rxd1+ 55.Kxd1 Kg5 56.Rf3 Kg6 57.Ke2 Ra8
58.Nd2 Ra6 59.Rd3 Rd6 60.Nc4 Rd8 61.d6  1-0

[Event "4th AIMAG Men"]
[Site "Incheon KOR"]
[Date "2013.07.03"]
[Round "6.2"]
[White "Ding Liren"]
[Black "Sengupta,D"]
[Result "1-0"]
[WhiteElo "2702"]
[BlackElo "2548"]

1.d4 d5 2.c4 dxc4 3.e4 Nf6 4.e5 Nd5 5.Bxc4 Nb6 6.Bd3 Nc6 7.Be3 Nb4 8.Be4 f5
9.exf6 exf6 10.Nc3 f5 11.Bf3 N4d5 12.Bd2 Be6 13.Nh3 Qd7 14.O-O O-O-O 15.a4 Nc4
16.Bg5 Re8 17.Nf4 Nxf4 18.Bxf4 Bd6 19.Bxd6 Nxd6 20.d5 Bf7 21.Qd4 a6 22.Qxg7 Rhg8
23.Qd4 Qe7 24.g3 Qg5 25.Rae1 Ref8 26.b4 Qg7 27.Qc5 Be8 28.a5 Kb8 29.Re6 Bd7
30.b5 Bxb5 31.Nxb5 Nxb5 32.Rb1 Qd7 33.Be2 Re8 34.Bxb5 axb5 35.Qxb5 Qxb5 36.Rxb5 f4
37.Kg2 Kc8 38.Rxe8+ Rxe8 39.gxf4 Re4 40.Kf3 Ra4 41.f5 Kd7 42.f6 Ke8 43.Rxb7 Rxa5
44.Ke4 Rc5 45.f4 Kf8 46.h4 Kf7 47.Ke5 h5 48.Ra7 Rc1 49.d6 Kg6 50.f5+ Kh6
51.f7 cxd6+ 52.Kf6  1-0

[Event "Karvina Open 2013"]
[Site "Karvina CZE"]
[Date "2013.07.04"]
[Round "6.24"]
[White "Lipus,D"]
[Black "Snopek,J"]
[Result "0-1"]
[WhiteElo "1577"]
[BlackElo "1869"]

1.d4 d5 2.c4 dxc4 3.e4 e6 4.Nf3 Nf6 5.Nc3 Be7 6.Bxc4 O-O 7.O-O a6 8.Qc2 b5
9.Bd3 g6 10.h3 Bb7 11.Be3 Nbd7 12.Rfd1 Rc8 13.Qb1 c5 14.dxc5 Bxc5 15.Bf4 Qb6
16.Rf1 Rfe8 17.Ne5 Rcd8 18.Nd1 Nh5 19.Bh2 Bd6 20.Nxd7 Bxh2+ 21.Kxh2 Rxd7
22.f4 Qd4 23.Bc2 Red8 24.Rf3 Qd6 25.e5 Qd2 26.Rf2 Qe1 27.Qc1 Rxd1 28.Bxd1 Qxf2
29.Bf3 Bxf3  0-1

[Event "2nd Arberopen 2013"]
[Site "Bayerisch Eisenstein GER"]
[Date "2013.07.06"]
[Round "8.3"]
[White "Rausis,I"]
[Black "Karpatchev,A"]
[Result "1-0"]
[WhiteElo "2532"]
[BlackElo "2484"]

1.d4 d5 2.c4 dxc4 3.e4 e5 4.Nf3 exd4 5.Bxc4 Nc6 6.Qb3 Qd7 7.Bd2 Bc5 8.O-O Nf6
9.Re1 O-O 10.e5 Ng4 11.h3 Nh6 12.e6 Qd6 13.exf7+ Kh8 14.Na3 Qg6 15.Nb5 Bb6
16.Re8 Rxe8 17.Nh4 Qh5 18.Qf3 Bg4 19.fxe8=Q+ Rxe8 20.Qg3 Bc8 21.Nf3 Qg6 22.Qf4 Qf5
23.Nxc7 Bxc7 24.Qxc7 Qd7 25.Qg3 Qf5 26.Rc1 Qg6 27.Qxg6 hxg6 28.Bb5 Bd7 29.Nxd4 Rc8
30.Nxc6  1-0

[Event "41st TCh-GRE"]
[Site "Rio (Achaia) GRE"]
[Date "2013.07.06"]
[Round "6.1"]
[White "Postny,E"]
[Black "Lubbe,N"]
[Result "1-0"]
[WhiteElo "2645"]
[BlackElo "2451"]

1.d4 d5 2.c4 dxc4 3.e4 Nc6 4.Nf3 Bg4 5.d5 Ne5 6.Bf4 Ng6 7.Be3 b5 8.b3 e6
9.bxc4 Nf6 10.Nbd2 exd5 11.cxd5 a6 12.a4 b4 13.g3 c6 14.dxc6 Nxe4 15.c7 Qf6
16.Nxe4 Qxf3 17.Qd5  1-0

[Event "3rd SPAChess Open"]
[Site "Amsterdam NED"]
[Date "2013.07.07"]
[Round "2.30"]
[White "Strating,S"]
[Black "Breuker,D"]
[Result "1-0"]
[WhiteElo "2258"]
[BlackElo "2073"]

1.d4 d5 2.c4 dxc4 3.e4 e5 4.Nf3 exd4 5.Bxc4 Nc6 6.O-O Be6 7.Bb5 Bc5 8.b4 Bb6
9.Bb2 Ne7 10.Bxd4 Bxd4 11.Nxd4 Qd6 12.Nxc6 bxc6 13.Qxd6 cxd6 14.Ba6 Rb8 15.a3 O-O
16.Nc3 Rb6 17.Be2 c5 18.b5 f5 19.f3 Rd8 20.Rfd1 Bb3 21.Rd2 fxe4 22.fxe4 Ng6
23.a4 Ne5 24.Rb1 Be6 25.a5 Rb7 26.b6 Nc6 27.Ba6 Rbb8 28.bxa7 Rxb1+ 29.Nxb1 Nxa7
30.Bb7 Kf8 31.Nc3 Ke7 32.a6 Bc4 33.Kf2 Kd7 34.e5 Kc7 35.Ne4 dxe5 36.Rc2 Bb5
37.Rxc5+ Kb6 38.Rxe5 Bxa6 39.Bxa6 Kxa6 40.Re6+ Kb5 41.Re7 Nc6 42.Rxg7 Rh8
43.Ke3 Kc4 44.Rc7 Kb5 45.g4 Kb6 46.Rg7 Ne5 47.Kf4 Nd3+ 48.Kf5 Kc6 49.g5 Re8
50.Nf6 Re5+ 51.Kg4 Nf2+ 52.Kh5 Nh3 53.Kh4 Nf4 54.Rxh7 Kd6 55.Kg4 Ne6 56.h4 Ra5
57.Kh5 Ra4 58.Rd7+ Ke5 59.Ng4+ Kf4 60.Nh6 Kg3 61.Nf5+ Kf3 62.Rf7 Nf4+ 63.Kh6 Kg4
64.g6 Ra6 65.Ne3+ Kg3 66.h5 Ra5 67.Nf5+ Kg4 68.g7 Ra6+ 69.Kh7 Ra8 70.h6 Kg5
71.g8=Q+ Rxg8 72.Kxg8  1-0

[Event "V4 Int Open ch-SVK 2013"]
[Site "Banska Stiavnica SVK"]
[Date "2013.07.07"]
[Round "2.39"]
[White "Pesztericz,L"]
[Black "Wozniak,Mari"]
[Result "0-1"]
[WhiteElo "2132"]
[BlackElo "2016"]

1.d4 d5 2.c4 dxc4 3.e4 e5 4.Nf3 exd4 5.Bxc4 Nc6 6.O-O Be6 7.Bxe6 fxe6 8.Qb3 Qd7
9.Qxb7 Rb8 10.Qa6 Bd6 11.Nbd2 Nf6 12.Qe2 e5 13.Nc4 O-O 14.Bg5 Qe6 15.Rac1 Ne7
16.Nxd6 cxd6 17.Rc7 Ng6 18.Rxa7 Nh5 19.Nxd4 exd4 20.Qxh5 Rxb2 21.Bc1 Rc2
22.Qd5 Qxd5 23.exd5 Rfc8 24.Bg5 h6 25.Be7 d3 26.Bxd6 Rc1 27.Ba3 d2  0-1

[Event "4th Borloy Mem FSGM 2013"]
[Site "Budapest HUN"]
[Date "2013.07.07"]
[Round "2.3"]
[White "Blomqvist,E"]
[Black "Varga,Zo"]
[Result "1/2-1/2"]
[WhiteElo "2483"]
[BlackElo "2446"]

1.d4 d5 2.c4 dxc4 3.e4 Nf6 4.e5 Nd5 5.Bxc4 Nb6 6.Bd3 Nc6 7.Be3 Nb4 8.Be4 f5
9.exf6 exf6 10.Nc3 f5 11.Bb1 N4d5 12.Nf3 Nxe3 13.fxe3 Bd6 14.e4 O-O 15.O-O Kh8
16.e5 Be7 17.Qb3 c6 18.a3 Nd5 19.Ba2 Ne3 20.Rf2 f4 21.Ne2 Ng4 22.Rff1 Ne3
23.Rf2 Ng4 24.Rff1 Ne3 25.Rf2  1/2-1/2

[Event "IsBank TCh-TUR 2013"]
[Site "Denizli TUR"]
[Date "2013.07.07"]
[Round "10.4"]
[White "Kuseyri,M"]
[Black "Yildiz,B"]
[Result "0-1"]
[WhiteElo "2050"]
[BlackElo "2285"]

1.d4 d5 2.c4 dxc4 3.e4 Nf6 4.e5 Nd5 5.Bxc4 Nb6 6.Bd3 Nc6 7.Ne2 Bg4 8.Be3 Qd7
9.Nbc3 e6 10.f3 Bh5 11.a3 Bg6 12.Be4 Nc4 13.Qc1 N6a5 14.Nd1 Bxe4 15.fxe4 Qc6
16.Qc3 Qxe4 17.O-O Be7 18.b4 Nxe3 19.Nxe3 Nc6 20.Rf4 Qg6 21.Raf1 O-O 22.b5 Nd8
23.Rg4 Bg5 24.Nf4 Qh6 25.Rf3 Bxf4 26.Rgxf4 c6 27.Qe1 cxb5 28.Rh4 Qg5 29.Rg3 Qe7
30.Rhg4 g6 31.Rh3 f5 32.exf6 Qxf6 33.Re4 Rc8 34.Ng4 Qg5 35.Ne3 Rf4 36.Re5 Qf6
37.Qd1 Nf7 38.Rc5 Rxc5 39.dxc5 Qd4 40.Qc1 Ng5 41.Rg3 Ne4 42.Rh3 Nd2 43.Kh1 Nc4
44.g4 Nxe3 45.Rxe3 Qd5+ 46.Kg1 Rxg4+ 47.Rg3 Rc4 48.Qh6 Qd1+ 49.Kg2 Rc2+ 50.Kh3 Qf1+  0-1

[Event "120th ch-SCO 2013"]
[Site "Helensburgh SCO"]
[Date "2013.07.10"]
[Round "5.3"]
[White "Hera,I"]
[Black "Burns-Mannion,S"]
[Result "1/2-1/2"]
[WhiteElo "2558"]
[BlackElo "2378"]

1.d4 d5 2.c4 dxc4 3.e4 e5 4.Nf3 exd4 5.Bxc4 Nc6 6.O-O Be6 7.Bb5 Bc5 8.b4 Bb6
9.Bb2 Ne7 10.Nxd4 Bxd4 11.Bxd4 O-O 12.Bc3 Qxd1 13.Rxd1 Rfd8 14.Rxd8+ Rxd8
15.Nd2 Nd4 16.Bf1 a6 17.a4 c6 18.f3 Nb3 19.Nxb3 Bxb3 20.b5 cxb5 21.axb5 axb5
22.Ra7 Rc8 23.Bd2 Nc6 24.Rxb7 Bc4 25.Bxc4 bxc4 26.Bc3 f6 27.f4 Rd8 28.Rc7 Nd4
29.Bxd4  1/2-1/2

[Event "7th LCT 2013"]
[Site "Leiden NED"]
[Date "2013.07.13"]
[Round "2.14"]
[White "Wiersma,E"]
[Black "Sparreboom,W"]
[Result "0-1"]
[WhiteElo "2374"]
[BlackElo "1954"]

1.d4 d5 2.c4 dxc4 3.e4 e5 4.Nf3 exd4 5.Bxc4 Nc6 6.O-O Be6 7.Bb5 Bc5 8.b4 Bb6
9.a4 a6 10.Bxc6+ bxc6 11.a5 Ba7 12.Bb2 Nf6 13.Qd3 O-O 14.Nbd2 Qe7 15.Rfc1 Rfd8
16.Ba3 Bg4 17.Rxc6 Bxf3 18.Qxf3 d3 19.Bb2 Ne8 20.Rc4 Rab8 21.Bc3 Nd6 22.Qg4 g6
23.Rc6 h5 24.Qf4 Ne8 25.Nf3 Rd6 26.Qh6 Nf6 27.Rxd6 cxd6 28.Qg5 Bxf2+ 29.Kf1 Qxe4
30.Kxf2 Qe2+ 31.Kg1 Ne4 32.Qc1 Rc8 33.Bd4 Rxc1+ 34.Rxc1 f6 35.Re1 Qxe1+  0-1

[Event "50th Canadian Open 2013"]
[Site "Ottawa CAN"]
[Date "2013.07.13"]
[Round "1"]
[White "Hambleton,A"]
[Black "Forget,David"]
[Result "1-0"]
[WhiteElo "2480"]
[BlackElo "1954"]

1.d4 d5 2.c4 dxc4 3.e4 e5 4.Nf3 exd4 5.Bxc4 Nc6 6.O-O Be6 7.Bxe6 fxe6 8.Qb3 Qd7
9.Qxb7 Rb8 10.Qa6 Nf6 11.Nbd2 Bb4 12.Nc4 Nxe4 13.Nce5 Nxe5 14.Nxe5 Qd6 15.Qa4+ c6
16.Qxc6+ Qxc6 17.Nxc6 Rb6 18.Nxd4 O-O 19.Be3 Bd2 20.b3  1-0

[Event "FSFMA July 2013"]
[Site "Budapest HUN"]
[Date "2013.07.14"]
[Round "9.6"]
[White "Andersen,So2"]
[Black "Mayer,I"]
[Result "1-0"]
[WhiteElo "2115"]
[BlackElo "2050"]

1.d4 d5 2.c4 dxc4 3.e4 Nf6 4.e5 Nd5 5.Bxc4 e6 6.Nc3 c6 7.Nf3 h6 8.O-O Nxc3
9.bxc3 Be7 10.Qe2 Nd7 11.a4 Nb6 12.Bb3 Nd5 13.c4 Qb6 14.Qb2 Nb4 15.a5 Qc7
16.Bd2 Na6 17.Rac1 O-O 18.Ba2 f5 19.exf6 Bxf6 20.Bc3 Rb8 21.Rfe1 Qf7 22.Ne5 Bxe5
23.Rxe5 b6 24.axb6 Rxb6 25.Qe2 Nb4 26.Bxb4 Rxb4 27.c5 Rd8 28.Rxe6 Kf8 29.Rd6 Re8
30.Qd2 Qh5 31.Qf4+ Qf5 32.Qxf5+ Bxf5 33.Rxc6 Re2 34.Ra6 Rxd4 35.Rxa7  1-0